000 00685nam a2200205Ia 4500
003 GCL
008 140319s9999 xx 000 0 ara d
040 _aGCL /
_cGCL
082 0 4 _a020.285
_bهـ ق
100 1 _aهانسون, تيرى
245 1 0 _aالقرص المبرمج فى المكتبات: قضايا ادارية /
_cهانسون, تيرى
700 1 _aداى، جان
700 1 _aعلى السليمان الصونيع
300 _a408 ص
490 _aمطبوعات مكتبة الملك عبدالعزيز العامة
_v0
650 0 4 _aنظم المعلومات
650 0 4 _aالمكتبات
650 0 4 _aالاقراص المليزرة
942 _2ddc
_cBK
999 _c41373
_d41373